|
|
|
|
| LEADER |
00557nam a2200169 4500 |
| 020 |
|
|
|a 9781849057851
|
| 082 |
0 |
0 |
|a 150.1943
|b KEA/U
|
| 100 |
1 |
|
|a Kearney, Albert J.
|
| 245 |
1 |
0 |
|a Understanding applied behavior analysis :
|
| 250 |
|
|
|a 2nd
|
| 300 |
|
|
|a pages cm
|
| 650 |
|
0 |
|a Behavior modification.
|
| 650 |
|
0 |
|a Reinforcement (Psychology)
|
| 650 |
|
0 |
|a Psychology, Applied.
|
| 942 |
|
|
|c BK
|
| 999 |
|
|
|c 44904
|d 44904
|
| 952 |
|
|
|0 0
|1 0
|4 0
|6 150_194300000000000_KEAU
|7 0
|8 Stack
|9 48878
|a KUCL
|b KUCL
|c Stack
|d 2018-03-05
|l 1
|o 150.1943 KEA/U
|p 45549
|r 2018-07-24
|s 2018-07-16
|w 2018-03-05
|y BK
|